Алупка (Запись № 13337284)

Подробности
000 -МАРКЕР
контрольное поле 03483nkm0a2200529 4500
001 - ИДЕНТИФИКАТОР ЗАПИСИ
контрольное поле RU\NLR\BIBL_A\022417461
005 - ИДЕНТИФИКАТОР ВЕРСИИ
контрольное поле 20260407193058.0
035 ## - ДРУГИЕ СИСТЕМНЫЕ НОМЕРА
Идентификатор записи (NLR Aleph) 022417461
100 ## - ДАННЫЕ ОБЩЕЙ ОБРАБОТКИ
Данные общей обработки 20241219d1927 |||y0rusy50 ca
101 0# - ЯЗЫК РЕСУРСА
Язык текста, звукозаписи и т.д. русский
-- французский
102 ## - СТРАНА ПУБЛИКАЦИИ ИЛИ ПРОИЗВОДСТВА
Страна публикации Российская Федерация
116 ## - ПОЛЕ КОДИРОВАННЫХ ДАННЫХ: ИЗОБРАЗИТЕЛЬНЫЕ МАТЕРИАЛЫ
Кодированные данные для изобразительных материалов. diycxx zz ae
135 ## - ПОЛЕ КОДИРОВАННЫХ ДАННЫХ: ЭЛЕКТРОННЫЕ РЕСУРСЫ
Кодированные данные для электронного ресурса crcn 024anaba
181 #0 - ПОЛЕ КОДИРОВАННЫХ ДАННЫХ: ВИД СОДЕРЖАНИЯ
Код вида содержания (ISBD) b4
Код характеристики содержания (ISBD) xb2e
182 #0 - ПОЛЕ КОДИРОВАННЫХ ДАННЫХ: ТИП СРЕДСТВА
Код типа средства (ISBD) n - непосредственное
200 1# - ЗАГЛАВИЕ И СВЕДЕНИЯ ОБ ОТВЕТСТВЕННОСТИ
Основное заглавие Алупка
Параллельное заглавие Aloupka
Сведения, относящиеся к заглавию почтовая карточка
Язык параллельного заглавия французский
203 ## - ВИД СОДЕРЖАНИЯ И ТИП СРЕДСТВА
Вид содержания Изображение
Дополнительные сведения об издании неподвижное
-- двухмерное
-- визуальное
Тип средства непосредственное
210 ## - ПУБЛИКАЦИЯ, РАСПРОСТРАНЕНИЕ И ДР.
Место издания, распространения и т.д. Москва
Имя издателя, распространителя и т. д. издание "Гознак"
Дата издания, распространения и т.д. 1927
215 ## - ФИЗИЧЕСКАЯ ХАРАКТЕРИСТИКА
Специфическое обозначение материала и объем 1 л.
Другие сведения о физической характеристике цв. фотомех. печ.
Размеры 9,4х14,1
225 1# - СЕРИЯ
Основное заглавие серии Серия "Крым"
Обозначение тома № 4
300 ## - ОБЩИЕ ПРИМЕЧАНИЯ
Текст примечания На адрес. стороне также текст: "Парк б. Воронцовского дворца. Занимает 30 десятин. Создан садоводом Кебахом. Образец садового декоративного искусства. На втором плане скала Ай-Петри (в. 577 саженей или 1221 метр)"
300 ## - ОБЩИЕ ПРИМЕЧАНИЯ
Текст примечания Ценз. разрешение: Главлит № 83121
300 ## - ОБЩИЕ ПРИМЕЧАНИЯ
Текст примечания На адрес. стороне гос. герб СССР
316 ## - ПРИМЕЧАНИЯ ОБ ОСОБЕННОСТЯХ ЭКЗЕМПЛЯРА
Текст примечания Экз. РНБ на шифре Э ОТ63/А529, инв.030137 дефектный: обрезаны правый, верхний и нижний края
Организация и экземпляр, к которому относится поле NLR: Э ОТ63/А529
325 ## - ПРИМЕЧАНИЕ О КОПИИ
Текст примечания Копия доступна в Электрон. б-ке РНБ
510 1# - ПАРАЛЛЕЛЬНОЕ ЗАГЛАВИЕ
Параллельное заглавие Aloupka
Язык заглавия французский
606 1# - НАИМЕНОВАНИЕ ТЕМЫ КАК ПРЕДМЕТ
Наименование темы Почтовые открытки маркированные художественные
Географический подзаголовок СССР
Хронологический подзаголовок 1917 - 1941
Системный номер авторитетной/нормативной записи 2195712
Идентификатор авторитетной/нормативной записи RU\NLR\AUTH\6601555037
606 1# - НАИМЕНОВАНИЕ ТЕМЫ КАК ПРЕДМЕТ
Наименование темы Фотографические открытки
Системный номер авторитетной/нормативной записи 2151039
Идентификатор авторитетной/нормативной записи RU\NLR\AUTH\661600135
606 1# - НАИМЕНОВАНИЕ ТЕМЫ КАК ПРЕДМЕТ
Наименование темы Парки
Формальный подзаголовок Открытки
Географический подзаголовок Крым
Системный номер авторитетной/нормативной записи 1459612
Идентификатор авторитетной/нормативной записи RU\NLR\AUTH\66619143
607 ## - ГЕОГРАФИЧЕСКОЕ НАИМЕНОВАНИЕ КАК ПРЕДМЕТ
Географическое наименование Алупка, город (Крым)
Формальный подзаголовок Открытки
Системный номер авторитетной/нормативной записи 935819
Идентификатор авторитетной/нормативной записи RU\NLR\AUTH\6626796
607 ## - ГЕОГРАФИЧЕСКОЕ НАИМЕНОВАНИЕ КАК ПРЕДМЕТ
Географическое наименование Ай-Петри, горный массив
Формальный подзаголовок Открытки
Системный номер авторитетной/нормативной записи 921390
Идентификатор авторитетной/нормативной записи RU\NLR\AUTH\6618914
610 1# - НЕКОНТРОЛИРУЕМЫЕ ПРЕДМЕТНЫЕ ТЕРМИНЫ
Предметный термин Видовые открытки
617 ## - ИЕРАРХИЧЕСКОЕ ГЕОГРАФИЧЕСКОЕ НАЗВАНИЕ, ИСПОЛЬЗУЕМОЕ КАК ПРЕДМЕТ
Страна
Республика / штат / провинция и т.п. РСФСР
-- Крымская АССР
Край / область / округ / графство / департамент и т.п. Ялтинский район
Город Алупка, курорт
Место действия Воронцовский дворец
-- Парк
617 ## - ИЕРАРХИЧЕСКОЕ ГЕОГРАФИЧЕСКОЕ НАЗВАНИЕ, ИСПОЛЬЗУЕМОЕ КАК ПРЕДМЕТ
Другие географические объекты Крым, полуостров
686 0# - ИНДЕКСЫ ДРУГИХ КЛАССИФИКАЦИЙ
Индекс Щ153(2)7-489
712 02 - НАИМЕНОВАНИЕ ОРГАНИЗАЦИИ - ВТОРИЧНАЯ ОТВЕТСТВЕННОСТЬ
Код отношения Издатель
-- Печатник (типограф)
Начальный элемент ввода "Гознак", объединение
Идентифицирующий признак Москва
Идентификатор авторитетной/нормативной записи RU\NLR\AUTH\8810126774
Системный номер авторитетной/нормативной записи 750850
830 ## - ОБЩЕЕ ПРИМЕЧАНИЕ, СОСТАВЛЕННОЕ КАТАЛОГИЗАТОРОМ
Текст примечания "Согласно Списку населённых пунктов Крымской АССР по Всесоюзной переписи 17 декабря 1926 года, на курорте Алупка, центре Алупкинского сельсовета Ялтинского района ...": https://ru.wikipedia.org/wiki/Алупка (19.12.2024). АЯ ОЭФ
852 00 - МЕСТОНАХОЖДЕНИЕ И ШИФР ХРАНЕНИЯ
Идентификатор организации NLR
Наименование фонда или коллекции (Sub-Location Identifier) Э
Шифр хранения (Call Number) ОТ63/А529
Идентификатор единицы инв.030137
901 ## - ДАННЫЕ ОБ ОБЪЕКТЕ ОЦИФРОВКИ
-- Изографические материалы
942 ## - ДОПОЛНИТЕЛЬНЫЕ ЭЛЕМЕНТЫ ЗАПИСИ (АБИС)
Тип экземпляра АБИС Визуальный материал
980 ## - КОЛЛЕКЦИЯ
Название коллекции Национальная библиография
981 48 - КОЛЛЕКЦИЯ ЭЛЕКТРОННОЙ БИБЛИОТЕКИ
Название коллекции
981 17 - КОЛЛЕКЦИЯ ЭЛЕКТРОННОЙ БИБЛИОТЕКИ
Название коллекции Изографические материалы
Название подколлекции Открытки
Экземпляры
Тип экземпляра Дата поступления Библиотека постоянного хранения Библиотека текущего хранения Место хранения Шифр хранения Штрих-код Статус экземпляра
Визуальный материал 19.12.2024 РНБ (Садовая) РНБ (Садовая) Фонд эстампов и фотографий, Лист. Э ОТ63/А529 ERR-344500